| 000 | 01753nam a2200205 a 4500 | ||
|---|---|---|---|
| 008 | 180206e2004 ag ||||| |||| 00| 0 spa d | ||
| 020 | _a9500425920 | ||
| 041 | _aspa | ||
| 092 |
_c323.6 _l52 _sMIG |
||
| 100 | 1 |
_aMiguens, José Enrique _93502 |
|
| 245 |
_aDemocracia práctica. _bPara una ciudadanía con sentido común / _cJosé Enrique Miguens |
||
| 250 | _a1a ed. | ||
| 260 |
_aBuenos Aires: _bEmece; _c2004. |
||
| 300 | _a275 p. | ||
| 500 | _aMiguens, J. E. (2004). Democracia práctica. Para una ciudadanía con sentido común. (1a ed.). Buenos Aires : Emecé. | ||
| 505 | _aA los pueblos que quieren recuperar el protagonismo que les corresponde como ciudadanos, suele oponérseles el argumento de que las cuestiones políticas son demasiado complejas y que sólo los técnicos son capaces de manejarlas. Este libro trata de llevar al alcance del público, en forma accesible aunque apoyándose en una sólida documentación, los principales procesos y movimientos políticos, sociales y económicos que están ocurriendo hoy en el mundo, especialmente en Argentina. José Enrique Miguens evita las abstracciones y juzga las teorías a la luz de la práctica democrática. "Si no creemos que los ciudadanos, con su sentido común y con la sabiduría que da la experiencia, pueden encontrar soluciones para los problemas que son de todos dialogando razonablemente entre ellos, no podemos seguir hablando de democracia", afirma. Democracia práctica es un libro oportuno, esclarecedor y esperanzado, que quiere contribuir a transformar a sus lectores de espectadores pasivos en ciudadanos activos, comprometidos con su destino y con su tiempo. | ||
| 590 | _aDONACION MARIA VITARELLI DIC/2017. | ||
| 655 |
_aLiteratura _92917 |
||
| 942 |
_2ddc _cLIT |
||
| 999 |
_c2637 _d2637 |
||